| 000 | 00376nam a2200133Ia 4500 | ||
|---|---|---|---|
| 008 | 220217s9999 xx 000 0 und d | ||
| 245 | 0 | _aSpecification for rubber-insulated cables for electric power and lighting. | |
| 260 | _c1983 | ||
| 500 | _aStandard number: BS 6007 | ||
| 650 | _aElectric power | ||
| 650 | _aLighting | ||
| 650 | _aRubber insulated cables | ||
| 942 | _cST | ||
| 999 |
_c73134 _d73134 |
||